Sélectionneur Équipe de France - Statistiques

Statistiques générales
  • Ce quiz a été pris 178 fois
  • Le résultat moyen est 7 sur 18
Statistiques - réponses
Date Sélectionneur % Correct
2012 - aujourd'hui Didier DESCHAMPS
100%
2010 - 2012 Laurent BLANC
90%
1993 - 1998 Aimé JACQUET
88%
2004 - 2010 Raymond DOMENECH
88%
1988 - 1992 Michel PLATINI
70%
2002 - 2004 Jacques SANTINI
48%
1998 - 2002 Roger LEMERRE
47%
1976 - 1984 Michel HIDALGO
44%
1967 Just FONTAINE
38%
1992 - 1993 Gérard HOUILLER
35%
1984 - 1988 Henri MICHEL
34%
1973 - 1975 Stefan KOVACS
18%
1969 - 1973 Georges BOULOGNE
8%
1966 Jean SNELLA
7%
1966 José ARRIBAS
7%
1967 - 1968 Louis DUGAUGUEZ
6%
1964 - 1966 Henri GUERIN
5%
1904 - 1963 Comités de Sélection
0%
Aucun quiz correspondant
Distribution des résultats
% des personnes avec chaque résultat
Percentile par nombre de réponses
Votre historique - résultats
Vous n’avez pas pris ce quiz